Alle Länder und Anführer aus Civ II - Statistiken

Allgemein
  • Dieses Quiz wurde 10 mal gespielt
  • Das Durchschnittsergebnis liegt bei 24 aus 67
Antwortstatistiken
Antwort % Korrekt
Amerika
80%
Deutschland
80%
England
80%
Frankreich
80%
Indien
80%
Spanien
80%
Ägypten
60%
Alexander III. der Große
60%
Anna Eleanor Roosevelt
60%
Azteken
60%
China
60%
Elizabeth I.
60%
Friedrich II. der Große
60%
Griechenland
60%
Inka
60%
Japan
60%
Ludwig XIV.
60%
Russland
60%
Wikinger
60%
Zulu
60%
Abraham Lincoln
40%
Arabien
40%
Dschingis Khan [Temüüdschin]
40%
Heinrich VIII.
40%
Indira Gandhi
40%
Isabella I.
40%
Katharina II. die Große
40%
Kleopatra VII. Philopator
40%
Knut der Große
40%
Mao Zedong
40%
Maria Theresia
40%
Mohandas Gandhi
40%
Mongolei
40%
Montezuma II.
40%
Ramses II.
40%
Rom
40%
Saladin
40%
Shaka
40%
Wladimir Iljitsch Lenin
40%
Babylon
20%
Börte
20%
Boudicca
20%
Dido
20%
Hammurabi
20%
Hannibal
20%
Julius Caeser
20%
Karthago
20%
Kelten
20%
Persien
20%
Philipp II.
20%
Shakala
20%
Sioux
20%
Sitting Bull
20%
Tokugawa Ieyasu
20%
Wu Zetian
20%
Xerxes I.
20%
Amaterasu-ō-mi-kami
0%
Atawallpa
0%
Cunobelinus
0%
Gunnhild Königsmutter
0%
Hippolyta
0%
Ishtari
0%
Jeanne d‘Arc
0%
Livia Drusilla
0%
Nazca
0%
Sacajawea
0%
Scheherazade
0%
Keine übereinstimmenden Quizze gefunden
Verteilung der Resultate
Anzahl Personen mit jedem Resultat
Perzentil nach korrekt beantworteten Fragen
Ihre Resultats-Entwicklung
Sie haben dieses Quiz noch nicht gespielt